| 000 | 00434nam a2200181Ia 4500 | ||
|---|---|---|---|
| 008 | 171120s9999 xx 000 0 und d | ||
| 020 | _a7808518466 | ||
| 050 | _a495.1 | ||
| 050 | _bC539 1999 | ||
| 245 | _aChinese dictionary / | ||
| 260 | _c1999 | ||
| 300 | _a686 pages : | ||
| 300 | _billustrations ; | ||
| 300 | _c20cm. | ||
| 650 | _aChines language. | ||
| 650 | _aChinese language -- | ||
| 650 | _xDictionary -- English. | ||
| 999 |
_c345063 _d345063 |
||